000 00544nam a22001817a 4500
005 20231121131212.0
008 231121b |||||||| |||| 00| 0 eng d
020 _a0862101646
041 _aEnglish
082 _a342.8 AMN
100 _lEnglish
245 _aWhen the State Kills... The death penalty v. human rights
250 _aFirst Edition
260 _aLondon :
_bAmnesty International Publications,
_c1989
300 _b268 pages ;
_c24,5 cm.
650 _aLegal practice
_bLaw
942 _cBK
_6ALISON_BN_VRIES_
999 _c843
_d843